[Event "Pan American Intercollegiate-chT"]
[Site "Seattle"]
[Date "2023.01.06"]
[Round "2"]
[White "Webster, Dex"]
[Black "Kevlishvili, Robby"]
[Result "0-1"]
[WhiteElo "2106"]
[BlackElo "2530"]
[PlyCount "86"]
[EventDate "2023.01.05"]
[EventType "team-swiss"]
[EventRounds "6"]
[EventCountry "USA"]
[SourceTitle "CBM 212 Extra"]
[Source "ChessBase"]
[SourceDate "2023.03.31"]
[SourceVersion "1"]
[SourceVersionDate "2023.03.31"]
[SourceQuality "1"]
[WhiteTeam "Yale"]
[BlackTeam "St Louis Univ"]
[WhiteTeamCountry "USA"]
[BlackTeamCountry "USA"]

1. e4 e5 2. Nf3 Nc6 3. Bb5 a6 4. Ba4 Nf6 5. d3 d6 6. c3 g6 7. Bg5 h6 8. Bh4 Be7 9. Bxf6 Bxf6 10. Nbd2 0-0 11. Nf1 d5 12. Ne3 d4 13. Nd5 Bg7 14. Rc1 Ne7 15. Nxe7+ Qxe7 16. cxd4 exd4 17. 0-0 c5 18. Qc2 b6 19. Bc6 Rb8 20. Bd5 Be6 21. Bxe6 fxe6 22. Nd2 g5 23. Qc4 Ra8 24. a3 Rf7 25. Rc2 Bf8 26. Rb1 Qf6 27. Rf1 b5 28. Qa2 Bd6 29. a4 Raf8 30. axb5 axb5 31. Qa6 Qe5 32. f4 Rxf4 33. Nf3 g4 34. Nd2 Rxf1+ 35. Nxf1 Qf4 36. Qa1 c4 37. Qd1 Qxf1+ 38. Qxf1 Bxh2+ 39. Kxh2 Rxf1 40. dxc4 d3 41. Rd2 bxc4 42. Kg3 Re1 43. Kxg4 Re2 0-1

[Event "Titled Tuesday intern op 17th May Early"]
[Site "Chess.com INT"]
[Date "2022.05.17"]
[Round "4"]
[White "Sapunov, Evgeny"]
[Black "Webster, Dex"]
[Result "1-0"]
[WhiteElo "2461"]
[BlackElo "2092"]
[PlyCount "95"]
[EventDate "2022.05.17"]
[EventType "swiss (blitz)"]
[EventRounds "11"]
[EventCountry "USA"]
[SourceTitle "CBM 208 Extra"]
[Source "ChessBase"]
[SourceDate "2022.07.31"]
[SourceVersion "1"]
[SourceVersionDate "2022.07.31"]
[SourceQuality "1"]

1. c4 e5 2. Nf3 Nc6 3. Nc3 Bb4 4. Qc2 Bxc3 5. Qxc3 d6 6. d4 exd4 7. Nxd4 Nxd4 8. Qxd4 Qf6 9. Qe4+ Qe5 10. Qxe5+ dxe5 11. b3 f6 12. Ba3 Bf5 13. 0-0-0 Rd8 14. Rxd8+ Kxd8 15. f3 Nh6 16. e3 b6 17. Be2 c5 18. g4 Bg6 19. h4 Kc7 20. Bb2 Rd8 21. e4 Ng8 22. h5 Be8 23. g5 Ne7 24. h6 gxh6 25. gxf6 Nc6 26. Rxh6 Bg6 27. Rh4 Kd7 28. f4 exf4 29. Rxf4 Ke8 30. e5 Bf7 31. Bg4 Nb4 32. Bf5 Bg6 33. Bxg6+ hxg6 34. Rh4 Kf7 35. Rh7+ Ke6 36. Re7+ Kf5 37. f7 Nd3+ 38. Kb1 Nxb2 39. Kxb2 Rf8 40. e6 Kf6 41. Re8 Rxf7 42. exf7 Kxf7 43. Ra8 g5 44. Kc3 g4 45. Kd2 g3 46. Ke3 g2 47. Kf2 g1Q+ 48. Kxg1 1-0

[Event "Pan American Intercollegiate-chT"]
[Site "Dulles"]
[Date "2022.01.09"]
[Round "6.3"]
[White "Matviishen, Viktor"]
[Black "Webster, Dex"]
[Result "1-0"]
[WhiteElo "2507"]
[BlackElo "2094"]
[PlyCount "79"]
[EventDate "2022.01.06"]
[EventType "team-swiss"]
[EventRounds "6"]
[EventCountry "USA"]
[SourceTitle "EXT 2023"]
[Source "ChessBase"]
[SourceDate "2022.10.05"]
[SourceVersion "1"]
[SourceVersionDate "2022.10.05"]
[SourceQuality "1"]
[WhiteTeam "Texas Tech Univ"]
[BlackTeam "Yale"]
[WhiteTeamCountry "USA"]
[BlackTeamCountry "USA"]

1. Nf3 d5 2. e3 Nf6 3. c4 c6 4. Nc3 e6 5. b3 Nbd7 6. Bb2 Bd6 7. Qc2 0-0 8. Rg1 dxc4 9. Bxc4 b5 10. Be2 Bb7 11. g4 b4 12. g5 Nd5 13. Ne4 Be7 14. h4 Qc7 15. h5 e5 16. Bc4 c5 17. g6 h6 18. Qd3 N5f6 19. gxf7+ Kh8 20. Nxf6 Bxf6 21. Qg6 Rxf7 22. Qxf7 Bxf3 23. Be6 Rd8 24. Rg3 Qc6 25. Bxd7 Rxd7 26. Qe8+ Kh7 27. Rxf3 Qxf3 28. Qxd7 e4 29. Qb5 Bxb2 30. Rb1 Bf6 31. Qe2 Qh1+ 32. Qf1 Qf3 33. Rc1 Qxh5 34. Qg2 Qe5 35. Rc4 Qa1+ 36. Ke2 Qxa2 37. Qxe4+ g6 38. Rxc5 Qxb3 39. Rc7+ Bg7 40. Rxa7 1-0

[Event "World op 48th"]
[Site "ICC INT"]
[Date "2020.08.09"]
[Round "8"]
[White "Quirke, Jeffrey"]
[Black "Webster, Dex"]
[Result "1-0"]
[WhiteElo "2107"]
[BlackElo "2072"]
[PlyCount "107"]
[EventDate "2020.08.07"]
[EventType "swiss"]
[EventRounds "9"]
[EventCountry "USA"]
[SourceTitle "CBM 197 Extra"]
[Source "ChessBase"]
[SourceDate "2020.09.30"]
[SourceVersion "1"]
[SourceVersionDate "2020.09.30"]
[SourceQuality "1"]

1. d4 d5 2. c4 c6 3. Nc3 Nf6 4. e3 Bf5 5. cxd5 cxd5 6. Qb3 Nc6 7. Qxb7 Bd7 8. Qb3 Rb8 9. Qd1 e5 10. dxe5 Nxe5 11. Nge2 Bd6 12. Nf4 0-0 13. Be2 Bc6 14. 0-0 Re8 15. b3 Qc7 16. h3 d4 17. exd4 Ng6 18. Nxg6 Bxg2 19. Kxg2 Qxc3 20. Bf4 hxg6 21. Bxd6 Qc6+ 22. Bf3 Qxd6 23. Qd3 Nd5 24. Bxd5 Qxd5+ 25. Qf3 Qxd4 26. Rad1 Qh4 27. Rd7 Re7 28. Rfd1 Rb5 29. R1d4 Qg5+ 30. Qg4 Rxd7 31. Rxd7 Qf6 32. Qd4 Rg5+ 33. Kh2 Qc6 34. Rd8+ Kh7 35. Qh4+ Rh5 36. Qg3 Qe4 37. Qb8 g5 38. Rh8+ Kg6 39. Rxh5 Kxh5 40. Qxa7 Qf4+ 41. Kg1 Qf5 42. Qb7 Qb1+ 43. Kg2 Qxa2 44. Qxf7+ Kh6 45. Qe6+ Kh5 46. Qe8+ Kh6 47. Qc6+ Kh5 48. b4 g6 49. b5 Qa4 50. Qf3+ Kh6 51. b6 Qb5 52. b7 Qb6 53. Qf8+ Kh5 54. Qh8# 1-0

[Event "World op 48th"]
[Site "ICC INT"]
[Date "2020.08.09"]
[Round "9"]
[White "Webster, Dex"]
[Black "Narayanan, Akash L"]
[Result "0-1"]
[WhiteElo "2072"]
[BlackElo "1768"]
[PlyCount "104"]
[EventDate "2020.08.07"]
[EventType "swiss"]
[EventRounds "9"]
[EventCountry "USA"]
[SourceTitle "CBM 197 Extra"]
[Source "ChessBase"]
[SourceDate "2020.09.30"]
[SourceVersion "1"]
[SourceVersionDate "2020.09.30"]
[SourceQuality "1"]

1. Nf3 d5 2. g3 Nf6 3. Bg2 e6 4. 0-0 Be7 5. d3 b6 6. e4 dxe4 7. Ng5 Bb7 8. Nc3 0-0 9. Ncxe4 Nxe4 10. Nxe4 Nd7 11. Nf6+ Bxf6 12. Bxb7 Rb8 13. Bg2 c5 14. a4 a5 15. Re1 Qc7 16. Qh5 c4 17. dxc4 Qxc4 18. Qb5 Qxb5 19. axb5 Rbc8 20. c3 Ne5 21. Be4 Rc5 22. f4 Nc4 23. Bc6 Rd8 24. Kf2 Rh5 25. h4 Be7 26. Ra4 Nd2 27. b4 axb4 28. cxb4 Nc4 29. Re4 Nd2 30. Bxd2 Rxd2+ 31. Ke3 Rd8 32. Ra7 Bd6 33. Rd4 g6 34. Rb7 e5 35. Rxd6 exf4+ 36. gxf4 Rxd6 37. Rxb6 Rxh4 38. Rb8+ Kg7 39. Rc8 Re6+ 40. Kd4 Rxf4+ 41. Kc5 Rf5+ 42. Kb6 h5 43. Ka6 h4 44. b6 h3 45. b7 h2 46. b8Q h1Q 47. Rg8+ Kf6 48. Qd8+ Ke5 49. Qc7+ Kd4 50. Qb6+ Kc3 51. Rc8 Qa1+ 52. Ba4+ Kb2 0-1

[Event "World op 48th"]
[Site "ICC INT"]
[Date "2020.08.08"]
[Round "5"]
[White "Amburgy, Ryan"]
[Black "Webster, Dex"]
[Result "1-0"]
[WhiteElo "1906"]
[BlackElo "2072"]
[PlyCount "153"]
[EventDate "2020.08.07"]
[EventType "swiss"]
[EventRounds "9"]
[EventCountry "USA"]
[SourceTitle "CBM 197 Extra"]
[Source "ChessBase"]
[SourceDate "2020.09.30"]
[SourceVersion "1"]
[SourceVersionDate "2020.09.30"]
[SourceQuality "1"]

1. d4 d5 2. Nc3 Nf6 3. Bf4 c5 4. e3 a6 5. dxc5 e6 6. Na4 Bxc5 7. Nxc5 Qa5+ 8. c3 Qxc5 9. Bd3 Nc6 10. Nf3 Nh5 11. Be5 Nxe5 12. Nxe5 Nf6 13. Qa4+ Bd7 14. Qd4 Rc8 15. g4 h6 16. Kd2 Bb5 17. f3 Bxd3 18. Nxd3 Qc4 19. b3 Qc7 20. Ne5 0-0 21. Rac1 Rfd8 22. Qf4 Ne8 23. Nd3 Qa5 24. Rc2 f6 25. Rd1 e5 26. Qf5 Qb6 27. h4 Kh8 28. Ke2 d4 29. c4 dxe3 30. g5 e4 31. fxe4 Qd6 32. Qh3 Nc7 33. gxh6 Ne6 34. hxg7+ Kg8 35. Qxe3 Nd4+ 36. Kd2 Qh2+ 37. Qf2 Qxf2+ 38. Nxf2 Nxc2+ 39. Kxc2 Rxd1 40. Nxd1 Kxg7 41. Ne3 Rd8 42. Kc3 Kg6 43. c5 Kh5 44. Nf5 Kg4 45. Kc4 Kf4 46. Nd6 Rd7 47. Kd5 Rh7 48. Ke6 Rxh4 49. Kxf6 Rh6+ 50. Ke7 Rh7+ 51. Ke6 a5 52. e5 Rh6+ 53. Kd5 Rh7 54. e6 Rh5+ 55. Kd4 Rh7 56. a3 Rg7 57. b4 axb4 58. axb4 Re7 59. Kd5 Rh7 60. Nf7 Kf5 61. e7 Rxf7 62. e8Q Rf6 63. Qe5+ Kg6 64. Qxf6+ Kxf6 65. Kd6 Kf5 66. Kc7 Ke5 67. Kxb7 Kd5 68. Kb6 Kc4 69. c6 Kxb4 70. c7 Ka4 71. c8Q Kb4 72. Qc5+ Ka4 73. Qb5+ Ka3 74. Kc5 Ka2 75. Kc4 Ka1 76. Kc3 Ka2 77. Qb2# 1-0

[Event "US Open-120"]
[Site "Orlando"]
[Date "2019.08.08"]
[Round "4"]
[White "Molner, Mackenzie"]
[Black "Webster, Dex"]
[Result "1-0"]
[WhiteElo "2447"]
[BlackElo "2040"]
[PlyCount "111"]
[EventDate "2019.08.03"]
[EventType "swiss"]
[EventRounds "9"]
[EventCountry "USA"]
[SourceTitle "CBM 191 Extra"]
[Source "ChessBase"]
[SourceDate "2019.09.30"]
[SourceVersion "1"]
[SourceVersionDate "2019.09.30"]
[SourceQuality "1"]

1. e4 c5 2. Nf3 e6 3. d4 cxd4 4. Nxd4 a6 5. c4 Nf6 6. Nc3 Qc7 7. Be2 b6 8. 0-0 Bb7 9. f3 Be7 10. Be3 d6 11. Qd2 0-0 12. Rfc1 Nbd7 13. a4 Rac8 14. a5 bxa5 15. Nb3 Qb8 16. Nxa5 Ba8 17. b4 Ne5 18. Rab1 Qc7 19. Na4 Rb8 20. b5 Nfd7 21. b6 Qc8 22. c5 Nxc5 23. Nxc5 dxc5 24. Qb2 Bf6 25. Rxc5 Nd3 26. Rxc8 Nxb2 27. Rxb8 Rxb8 28. Bxa6 Bc3 29. b7 Bxb7 30. Nxb7 Ra8 31. Bf1 f5 32. exf5 exf5 33. Nd6 g6 34. Rc1 Be5 35. Nc4 Nxc4 36. Bxc4+ Kg7 37. f4 Bf6 38. Bd5 Ra1 39. Rxa1 Bxa1 40. Kf2 Bf6 41. Ke2 h5 42. Kd3 Be7 43. Kc4 Kh6 44. Bc5 Bd8 45. Bf7 Bc7 46. Be3 Kg7 47. Be8 Kh7 48. Kd5 Ba5 49. Ke6 Bc3 50. Bb5 Kg7 51. Bd3 Ba5 52. Bxf5 gxf5 53. Kxf5 Bd8 54. Ke6 Bf6 55. f5 Bc3 56. Bf4 1-0

[Event "US Open-117"]
[Site "Indianapolis"]
[Date "2016.08.04"]
[Round "6"]
[White "Ramer, Scott Leo"]
[Black "Webster, Dex"]
[Result "1/2-1/2"]
[WhiteElo "2183"]
[BlackElo "1968"]
[PlyCount "49"]
[EventDate "2016.07.30"]
[EventType "swiss"]
[EventRounds "9"]
[EventCountry "USA"]
[SourceTitle "CBM 173 Extra"]
[Source "ChessBase"]
[SourceDate "2016.08.29"]
[SourceVersion "1"]
[SourceVersionDate "2016.08.29"]
[SourceQuality "1"]

1. d4 d5 2. c4 c6 3. Nf3 Nf6 4. e3 Bf5 5. Nc3 e6 6. Nh4 Be4 7. f3 Bg6 8. Qb3 Qc7 9. Bd2 Be7 10. Nxg6 hxg6 11. 0-0-0 dxc4 12. Bxc4 b5 13. Bd3 Rxh2 14. e4 Qg3 15. d5 exd5 16. exd5 Kf8 17. Rxh2 Qxh2 18. Kb1 Qxg2 19. Be4 Na6 20. dxc6 Nc5 21. Qxb5 Nfxe4 22. fxe4 Nxe4 23. c7 Nxd2+ 24. Kc1 Rc8 25. Qd7 1/2-1/2